Numery dróg krajowych dojeżdżających do przejść granicznych Polski - Statystyki

Ogólne statystyki
  • Ten quiz został rozwiązany 52 razy
  • Średni wynik to 40 z 50
Odpowiedzi na mapie
Odpowiedzi zakodowano w zielono-czerwonej skali na mapie do tego quizu, zgodnie z poniższymi procentami.
 
Statystyki odpowiedzi
Przejście Odpowiedź % Poprawnych
Rosówek 132
98%
Zwardoń/Myto 1D3
98%
Terespol 2
98%
Świecko 2E30 12
98%
Korczowa 4E40 M10
98%
Gorzyczki A11
98%
Kostrzyn nad Odrą 221
96%
Chyżne 7E77 59
96%
Jędrzychowice A4E40 4
96%
Słubice 295
94%
Jakuszyce 3E65 10
94%
Lubawka 516
94%
Budzisko 8E67 A5
94%
Kudowa-Słone 8E67 33
91%
Kołbaskowo A6E28 11
91%
Dorohusk 12E373 M07
89%
Ogrodniki 16135
89%
Łęknica 12S127b
87%
Lubieszyn 10104
85%
Olszyna 18E36 15
85%
Barwinek 19E371 21
85%
Kuźnica Białostocka 19M6
83%
Hrebenne 17E372 M09
81%
Chałupki 7867
81%
Medyka 28M11
79%
Gubinek 3297
77%
Boboszów 3343
77%
Piwniczna 8768
77%
Krajnik Dolny 26166
74%
Bezledy 51
74%
Gronowo 54
74%
Perły 63
74%
Sławatycze 63P94
74%
Kukuryki 68E30 M1
74%
Przewóz 27S127
72%
Głuchołazy 4044
72%
Połowce 66P16
72%
Zosin 74H22
72%
Golińsk 35302
70%
Pietrowice 3845
70%
Trzebina 4157
70%
Gołdap 65
70%
Bobrowniki 65
70%
Świnoujście 93110
70%
Cieszyn-Boguszowice S52E75 E462 48
70%
Jurgów 49
68%
Muszynka 75
68%
Krościenko 84T1412
68%
Włodawa 82
66%
Grzechotki S22E28
23%
Nie znaleziono quizów pasujących do podanych kryteriów
Rozkład punktacji
Procent ludzi z każdym wynikiem
Percentyl według liczby udzielonych odpowiedzi
Twoja historia wyników
Nie rozwiązałeś tego quizu